000
00180 a2200097 4500
020
_a
9789806573055
041
_a
spa
100
_a
anonimo
245
_a
Vamos y venimos
942
_c
BK
999
_c
14400
_d
14400